01005nas a2200265 i 45000010005000000030009000050050017000140070003000310080041000342450082000752600076001573000020002333100018002533620018002716500029002897000046003187000027003647000037003917000039004287100034004678520038005018660050005399990015005899520135006041045ES-MaACL20250721062532.0t|950801c1891 xxk | | 1 ||ng d04aThe Economic journal b: the quarterly journal of the Royal Economic Society. aLondon : bMacmillan and Cº Limited, c1891- (fRichard Clay and Sons) a5 v. ; c25 cm. aCuatrimestral0 aV. I [1891?]-17aEconomía2embne9120061 aKeynes, John Maynard (d1883-1946)9679791 aMacgregor, D.H.9751471 aHarrod, R.E., eed. lit.92275871 aRobinson, A.G., eed. lit.92275882 aRoyal Economic Society.96465 aES-MaACLjHEM-D-157 xHem-1358 d 0o1934(1935f.n.178)(1936f.n.183-184),1940,1947. c1045d1045 001040708HemerotecaaATENEOMbATENEOMcDEPO2d2008-01-17eSCl0oHEM-D-157p1001066r2023-02-23 00:00:00w2023-02-23yPERIODICA